| 000 | 00625nab a2200205 ab4500 | ||
|---|---|---|---|
| 005 | 20260210133713.0 | ||
| 008 | 991125c2004 ag br p 000 spa d | ||
| 035 | _aUPN01000140241 | ||
| 003 | |||
| 040 |
_aMX-MxUPN _bspa _cMX-MxUPN _eaacr |
||
| 100 | 1 |
_aNicastro, Sandra _929740 |
|
| 245 | 1 | 3 |
_aLa dirección escolar : _bun trabajo que deja huellas |
| 650 | 0 | 4 |
_aDirectores de escuelas _92851 |
| 650 | 0 | 2 |
_aGestión escolar _914104 |
| 650 | 0 | 2 |
_aProyecto escolar _94284 |
| 773 |
_gAño 16, no. 167 (2004), p. 8-9 _tNovedades educativas _x0328-3534 |
||
| 902 | _aLeonor Sotres/100226 | ||
| 905 | _aArticulo | ||
| 942 | _cAI | ||
| 999 |
_c112389 _d112389 |
||